[Event "Budapest FS02 Nadassy"]
[Site "Budapest"]
[Date "2020.02.10"]
[Round "9.7"]
[White "Hitesh, Vasanwala"]
[Black "Lu, Miaoyi"]
[Result "0-1"]
[WhiteElo "1837"]
[BlackElo "1824"]
[PlyCount "70"]
[EventDate "2020.02.01"]
[EventType "team-schev"]
[EventRounds "14"]
[EventCountry "HUN"]
[SourceTitle "CBM 194 Extra"]
[Source "ChessBase"]
[SourceDate "2020.03.31"]
[SourceVersion "1"]
[SourceVersionDate "2020.03.31"]
[SourceQuality "1"]
[WhiteTeam "A Team Higher Elo"]
[BlackTeam "B Team Lower Elo"]
[WhiteTeamCountry "HUN"]
[BlackTeamCountry "HUN"]

1. d4 d5 2. Bf4 Nf6 3. e3 c5 4. dxc5 Nc6 5. Bb5 e6 6. b4 a5 7. c3 Bd7 8. Qb3 Nh5 9. Bxc6 Bxc6 10. Nd2 Nxf4 11. exf4 axb4 12. cxb4 Qf6 13. Rc1 d4 14. Ngf3 Qxf4 15. 0-0 Be7 16. b5 Bd5 17. Qd3 Rxa2 18. c6 bxc6 19. bxc6 0-0 20. g3 Qh6 21. c7 Rc8 22. Qb5 g6 23. Qd7 Qf8 24. Ra1 Rxa1 25. Rxa1 Bb4 26. Rb1 Ba5 27. Rc1 Bc3 28. Kf1 Bb7 29. Rb1 Ba6+ 30. Ke1 Qc5 31. Kd1 Rxc7 32. Rb8+ Kg7 33. Qd8 Bxd2 34. Qxd4+ Qxd4 35. Nxd4 Bh6 0-1

[Event "Budapest FS02 Nadassy"]
[Site "Budapest"]
[Date "2020.02.01"]
[Round "1.1"]
[White "Hitesh, Vasanwala"]
[Black "Vishwa, Vasnawala"]
[Result "0-1"]
[WhiteElo "1837"]
[BlackElo "2011"]
[PlyCount "38"]
[EventDate "2020.02.01"]
[EventType "team-schev"]
[EventRounds "14"]
[EventCountry "HUN"]
[SourceTitle "CBM 194 Extra"]
[Source "ChessBase"]
[SourceDate "2020.03.31"]
[SourceVersion "1"]
[SourceVersionDate "2020.03.31"]
[SourceQuality "1"]
[WhiteTeam "A Team Higher Elo"]
[BlackTeam "B Team Lower Elo"]
[WhiteTeamCountry "HUN"]
[BlackTeamCountry "HUN"]

1. d4 c5 2. d5 d6 3. e4 Nf6 4. f3 g6 5. c4 Bg7 6. Nc3 0-0 7. f4 Nbd7 8. Nf3 b6 9. e5 dxe5 10. fxe5 Ng4 11. e6 fxe6 12. dxe6 Nde5 13. Qxd8 Rxd8 14. Bg5 Bxe6 15. Nxe5 Nxe5 16. Nd5 Bxd5 17. cxd5 Rxd5 18. Bb5 c4 19. Ba4 Nd3+ 0-1

[Event "Harkany Tenkes Cup 42nd"]
[Site "Harkany"]
[Date "2018.11.25"]
[Round "4"]
[White "Hitesh, Vasanwala"]
[Black "Vishwa, Vasnawala"]
[Result "0-1"]
[WhiteElo "1744"]
[BlackElo "1824"]
[PlyCount "86"]
[EventDate "2018.11.23"]
[EventType "swiss"]
[EventRounds "9"]
[EventCountry "HUN"]
[SourceTitle "CBM 187 Extra"]
[Source "ChessBase"]
[SourceDate "2018.11.04"]
[SourceVersion "1"]
[SourceVersionDate "2018.11.04"]
[SourceQuality "1"]

1. d4 d5 2. Bf4 Bf5 3. e3 e6 4. c4 Bxb1 5. Rxb1 Bb4+ 6. Ke2 dxc4 7. Qa4+ Nc6 8. a3 Bd6 9. Bxd6 Qxd6 10. Qxc4 Nf6 11. Nf3 0-0 12. g3 e5 13. Bg2 exd4 14. Rhd1 Rfe8 15. Nxd4 Nxd4+ 16. Rxd4 Qb6 17. b4 Rad8 18. Rbd1 Rxd4 19. Rxd4 c6 20. h4 Rd8 21. Rxd8+ Qxd8 22. Qd4 Qxd4 23. exd4 Kf8 24. Kd3 Ke7 25. Kc4 Kd6 26. a4 Ng4 27. b5 Nxf2 28. bxc6 bxc6 29. d5 Nd1 30. Bf3 Ne3+ 31. Kd4 Nxd5 32. h5 c5+ 33. Kd3 Nf6 34. g4 Nd7 35. a5 Ne5+ 36. Ke3 Nxf3 37. Kxf3 Kd5 38. g5 Kc4 39. Ke4 Kb3 40. Kf5 c4 41. g6 hxg6+ 42. hxg6 fxg6+ 43. Kxg6 c3 0-1

[Event "Mumbai Wealth op 3rd"]
[Site "Mumbai"]
[Date "2018.01.04"]
[Round "6"]
[White "Iasman, Inna"]
[Black "Hitesh, Vasanwala"]
[Result "1-0"]
[WhiteElo "1937"]
[BlackElo "1628"]
[PlyCount "75"]
[EventDate "2017.12.30"]
[EventType "swiss"]
[EventRounds "9"]
[EventCountry "IND"]
[SourceTitle "CBM 182 Extra"]
[Source "ChessBase"]
[SourceDate "2018.02.23"]
[SourceVersion "1"]
[SourceVersionDate "2018.02.23"]
[SourceQuality "1"]

1. d4 d5 2. c4 dxc4 3. e3 a6 4. Bxc4 e6 5. Nf3 c5 6. 0-0 Nf6 7. Nc3 b5 8. Bd3 cxd4 9. exd4 Bb7 10. Bg5 Be7 11. Qe2 0-0 12. Rad1 Nbd7 13. Rfe1 Nb6 14. Ne5 Bd5 15. Nxd5 Nbxd5 16. Nc6 Qd7 17. Nxe7+ Qxe7 18. Be4 Rad8 19. Qf3 Qd6 20. Bb1 h6 21. Bc1 Rd7 22. Re5 Rfd8 23. Qg3 Kf8 24. Qh4 Ng8 25. Rde1 Nde7 26. Be3 Nc6 27. Re4 Nf6 28. Rf4 Nxd4 29. Rxd4 Qxd4 30. Bxd4 Rxd4 31. Qg3 Rd1 32. Kf1 Rxb1 33. Rxb1 Ne4 34. Qa3+ Ke8 35. Re1 Nd2+ 36. Kg1 Nc4 37. Qxa6 Nxb2 38. Qxb5+ 1-0